<?xml version="1.0" encoding="UTF-8"?>
<record
    xmlns:xsi="http://www.w3.org/2001/XMLSchema-instance"
    xsi:schemaLocation="http://www.loc.gov/MARC21/slim http://www.loc.gov/standards/marcxml/schema/MARC21slim.xsd"
    xmlns="http://www.loc.gov/MARC21/slim">

  <leader>03809njm a2200553Ia 4500</leader>
  <controlfield tag="001">B5064</controlfield>
  <controlfield tag="003">IT-RoPAU</controlfield>
  <controlfield tag="005">20220918181115.0</controlfield>
  <controlfield tag="008">131025s9999    xx            000 0 und d</controlfield>
  <datafield tag="040" ind1=" " ind2=" ">
    <subfield code="a">IT-RoPAU</subfield>
  </datafield>
  <datafield tag="040" ind1=" " ind2=" ">
    <subfield code="c">IT-RoPAU</subfield>
  </datafield>
  <datafield tag="999" ind1=" " ind2=" ">
    <subfield code="c">99318</subfield>
    <subfield code="d">99318</subfield>
  </datafield>
  <datafield tag="999" ind1=" " ind2=" ">
    <subfield code="b">n.d.</subfield>
  </datafield>
  <datafield tag="100" ind1=" " ind2=" ">
    <subfield code="a">AA.VV.</subfield>
    <subfield code="9">794</subfield>
  </datafield>
  <datafield tag="100" ind1=" " ind2=" ">
    <subfield code="e">Autore musica</subfield>
    <subfield code="9">28870</subfield>
  </datafield>
  <datafield tag="100" ind1=" " ind2=" ">
    <subfield code="g">Codice autore musica SPICS: 12000</subfield>
    <subfield code="9">796</subfield>
  </datafield>
  <datafield tag="245" ind1=" " ind2=" ">
    <subfield code="a">Enja Story 1972 To 1992: Twenty Years In Modern jazz</subfield>
  </datafield>
  <datafield tag="250" ind1=" " ind2=" ">
    <subfield code="a">2a ed.</subfield>
  </datafield>
  <datafield tag="260" ind1=" " ind2=" ">
    <subfield code="a">MILANO</subfield>
  </datafield>
  <datafield tag="260" ind1=" " ind2=" ">
    <subfield code="b">RUSCONI</subfield>
    <subfield code="c">1993 [1a Ed.:0]</subfield>
  </datafield>
  <datafield tag="300" ind1=" " ind2=" ">
    <subfield code="a">COMPACT DISC</subfield>
  </datafield>
  <datafield tag="300" ind1=" " ind2=" ">
    <subfield code="c">72 minuti (Testo: 0 pag.)</subfield>
  </datafield>
  <datafield tag="500" ind1=" " ind2=" ">
    <subfield code="a">Musica jazz. Compact fuori commercio allegato al n. 1 della rivista "Musica jazz".</subfield>
  </datafield>
  <datafield tag="505" ind1=" " ind2=" ">
    <subfield code="a">Minoat [(Ludwigsburg, 7 maggio 1978) (Waldron Mal) (9:00)] - Saud-Dedicated To Mc Coy Tyner [(Ludwigsburg, 7 settembre 1979) (Ibrahim Abdullah) (6:00)] - Minor Perhaps [(New York, 4 febbraio 1980) (Flanagan Tommy) (7:00)] - Game [(New York, 7 gennaio 1982) (Shaw Woody) (7:00)] - 3+1=5 [(New York, 2 febbraio 1982) (Baker Chet) (8:00)] - Phantoms [(Englewood Cliffs, 17 febbraio 1986) (Barron Kenny) (8:00)] - Catania [(Ludwigsburg, 8-10 ottobre 1990) (Abou Rabih) (8:00)] - Sounds of Joy [(New York, 26 gennaio 1991) (Lovano Joe) (7:00)] - Dance Benita Dance [(New York, tra 15 e 17 maggio 1991) (Blythe Arthur) (6:00)] - You Asked [(Paramus, 4 o 5 aprile 1991) (Berger Karl) (6:00)] - Not Yet [(Englewood Cliffs, 20 o 21 marzo 1992) (Jones Elvin) (4:00)]</subfield>
  </datafield>
  <datafield tag="511" ind1=" " ind2=" ">
    <subfield code="a">Hino Terumasa: corn; Breuer Hermann: trne; Lacy Steve: sop; Waldron Mal: p; Brown Cameron: cb; Mtshoko Makaya: batt</subfield>
  </datafield>
  <datafield tag="511" ind1=" " ind2=" ">
    <subfield code="a">Ibrahim Abdullah: p; Dyani Johnny: cb; Registrazione inedita.</subfield>
  </datafield>
  <datafield tag="511" ind1=" " ind2=" ">
    <subfield code="a">Flanagan Tommy: p; Mitchell Red: cb; Jones Elvin: batt</subfield>
  </datafield>
  <datafield tag="511" ind1=" " ind2=" ">
    <subfield code="a">Shaw Woody: tr; Turre Steve: trne; Miller Mulgrew: p; James Stafford: cb; Reedus Tony: batt</subfield>
  </datafield>
  <datafield tag="511" ind1=" " ind2=" ">
    <subfield code="a">Baker Chet: tr; Friedman David: marimba; Williams Buster: cb; Chambers Joe: batt</subfield>
  </datafield>
  <datafield tag="511" ind1=" " ind2=" ">
    <subfield code="a">Roney Wallace: tr; Stubblefield John: ten; Barron Kenny: p; McBee Cecil: cb; Lewis Victor: batt</subfield>
  </datafield>
  <datafield tag="511" ind1=" " ind2=" ">
    <subfield code="a">Abou-Khalil Rabih: aud; Fortune Sonny: alto; Moore Glen: cb; Shotham Ramesh: perc; Khaiat Nabil: perc</subfield>
  </datafield>
  <datafield tag="511" ind1=" " ind2=" ">
    <subfield code="a">Lovano Joe: ten; Cox Anthony: cb; Blackwell Ed: batt</subfield>
  </datafield>
  <datafield tag="511" ind1=" " ind2=" ">
    <subfield code="a">Blythe Arthur: alto; Bell Kelvyn: chit; Stewart Bob: tuba; Moye Don: batt; Tuncboyaci Arto: perc</subfield>
  </datafield>
  <datafield tag="511" ind1=" " ind2=" ">
    <subfield code="a">Berger Karl: vib; Holland Dave: cb; Blackwell Ed: batt</subfield>
  </datafield>
  <datafield tag="511" ind1=" " ind2=" ">
    <subfield code="a">Payton Nicholas: tr; Jackson Javon: ten; Redman Joshua: ten; Mraz George: cb; Jones Elvin: batt</subfield>
  </datafield>
  <datafield tag="650" ind1=" " ind2=" ">
    <subfield code="a">JAZZ [COMPACT DISC]</subfield>
    <subfield code="e">Codice MATERIA SPICS: 9949</subfield>
    <subfield code="9">11822</subfield>
  </datafield>
  <datafield tag="700" ind1=" " ind2=" ">
    <subfield code="a">Enya </subfield>
    <subfield code="g">Codice interprete SPICS: 35084</subfield>
    <subfield code="e">Interprete</subfield>
    <subfield code="9">28871</subfield>
  </datafield>
  <datafield tag="700" ind1=" " ind2=" ">
    <subfield code="a">Waldron Mal</subfield>
    <subfield code="g">Codice autore musica SPICS: 18111</subfield>
    <subfield code="e">Autore musica</subfield>
    <subfield code="p">Minoat</subfield>
    <subfield code="9">28872</subfield>
  </datafield>
  <datafield tag="700" ind1=" " ind2=" ">
    <subfield code="a">Ibrahim Abdullah</subfield>
    <subfield code="g">Codice autore musica SPICS: 38226</subfield>
    <subfield code="e">Autore musica</subfield>
    <subfield code="p">Saud-Dedicated To Mc Coy Tyner</subfield>
    <subfield code="9">28873</subfield>
  </datafield>
  <datafield tag="700" ind1=" " ind2=" ">
    <subfield code="a">Flanagan Tommy</subfield>
    <subfield code="g">Codice autore musica SPICS: 16181</subfield>
    <subfield code="e">Autore musica</subfield>
    <subfield code="p">Minor Perhaps</subfield>
    <subfield code="9">28874</subfield>
  </datafield>
  <datafield tag="700" ind1=" " ind2=" ">
    <subfield code="a">James Stafford</subfield>
    <subfield code="g">Codice autore musica SPICS: 16229</subfield>
    <subfield code="e">Autore musica</subfield>
    <subfield code="p">Game</subfield>
    <subfield code="9">28875</subfield>
  </datafield>
  <datafield tag="700" ind1=" " ind2=" ">
    <subfield code="a">Friedman David</subfield>
    <subfield code="g">Codice autore musica SPICS: 38228</subfield>
    <subfield code="e">Autore musica</subfield>
    <subfield code="p">3+1=5</subfield>
    <subfield code="9">28876</subfield>
  </datafield>
  <datafield tag="700" ind1=" " ind2=" ">
    <subfield code="a">Barron Kenny</subfield>
    <subfield code="g">Codice autore musica SPICS: 38229</subfield>
    <subfield code="e">Autore musica</subfield>
    <subfield code="p">Phantoms</subfield>
    <subfield code="9">28877</subfield>
  </datafield>
  <datafield tag="700" ind1=" " ind2=" ">
    <subfield code="a">Abou Rabih</subfield>
    <subfield code="g">Codice autore musica SPICS: 38230</subfield>
    <subfield code="e">Autore musica</subfield>
    <subfield code="p">Catania</subfield>
    <subfield code="9">28878</subfield>
  </datafield>
  <datafield tag="700" ind1=" " ind2=" ">
    <subfield code="a">Lovano Joe</subfield>
    <subfield code="g">Codice autore musica SPICS: 38231</subfield>
    <subfield code="e">Autore musica</subfield>
    <subfield code="p">Sounds of Joy</subfield>
    <subfield code="9">28879</subfield>
  </datafield>
  <datafield tag="700" ind1=" " ind2=" ">
    <subfield code="a">Blythe Arthur</subfield>
    <subfield code="g">Codice autore musica SPICS: 38232</subfield>
    <subfield code="e">Autore musica</subfield>
    <subfield code="p">Dance Benita Dance</subfield>
    <subfield code="9">28880</subfield>
  </datafield>
  <datafield tag="700" ind1=" " ind2=" ">
    <subfield code="a">Berger Karl</subfield>
    <subfield code="g">Codice autore musica SPICS: 16386</subfield>
    <subfield code="e">Autore musica</subfield>
    <subfield code="p">You Asked</subfield>
    <subfield code="9">28881</subfield>
  </datafield>
  <datafield tag="700" ind1=" " ind2=" ">
    <subfield code="a">Jackson Javon</subfield>
    <subfield code="g">Codice autore musica SPICS: 38233</subfield>
    <subfield code="e">Autore musica</subfield>
    <subfield code="p">Not Yet</subfield>
    <subfield code="9">28882</subfield>
  </datafield>
  <datafield tag="942" ind1=" " ind2=" ">
    <subfield code="c">CD</subfield>
    <subfield code="2">ddc</subfield>
  </datafield>
  <datafield tag="952" ind1=" " ind2=" ">
    <subfield code="0">0</subfield>
    <subfield code="1">0</subfield>
    <subfield code="4">0</subfield>
    <subfield code="6">B_5064_000000000000000</subfield>
    <subfield code="7">1</subfield>
    <subfield code="a">SPICS</subfield>
    <subfield code="b">SPICS</subfield>
    <subfield code="d">2013-10-25</subfield>
    <subfield code="l">0</subfield>
    <subfield code="o">B5064</subfield>
    <subfield code="r">2013-10-25 00:00:00</subfield>
    <subfield code="w">2013-10-25</subfield>
    <subfield code="y">CD</subfield>
    <subfield code="z">Progr. Ins.: 602 / N.Vol.: 1 / Copie: 1 - Copia rara: n.d. / date import: 01.01.2014 - By Epidotti, Trombetti, Vaglietti</subfield>
  </datafield>
</record>
